• 首页
  • 本馆介绍
  • 公告通知
  • 最新文献
  • 馆藏检索
  • 电子资源
  • 读者导购
  • 参考咨询
  • 我的图书馆
  • 登录
  • 详细信息显示
  • 放入我的书架
  • 预约/预借图书
  • 作者相关作品
  • 分类相关作品
  • 丛书相关作品
  • 出版社相关作品

书目信息

  • 表格格式
  • 工作单格式
  • 卡片格式
题名:
药物制剂技术
    
 
作者: 于广华 , 毛小明 主编
分册:  
出版信息: 北京   化学工业出版社  2017重印
页数: 339页
开本: 26cm
丛书名:
单 册:
中图分类: TQ460.6
科图分类:
主题词: 药物--Yao Wu--制剂--技术
电子资源:
ISBN: 978-7-122-24701-8
000 01186nam0 2200289 45
001 012001000741
005 20191108095837.57
010    @a978-7-122-24701-8@dCNY40.00
099    @aCAL 012015139697
100    @a20150909d2015 em y0chiy50 ea
101 0  @achi
102    @aCN@b110000
105    @aak a 000yy
106    @ar
200 1  @a药物制剂技术@AYao Wu Zhi Ji Ji Shu@f于广华, 毛小明主编
205    @a第2版
210    @a北京@c化学工业出版社@d2017重印
215    @a339页@c图@d26cm
320    @a有书目
330    @a《药物制剂技术》(第二版)以药物制剂工作过程为导向,以典型制剂为载体组织内容,以2015年版《中华人民共和国药典》为基准进行编写,力求体现药物制剂工作岗位的知识、能力、素质要求。具体内容包括:药物制剂工作的认知、液体制剂、无菌制剂、固体制剂、其他制剂、制剂新技术与新剂型和制剂有效性评价七个模块。增设的药物制剂的处方工作和制剂有效性评价内容,不仅与药物领域的发展相适应,而且兼顾学生职业拓展和继续学习。
333    @a医药院校师生
606 0  @a药物@AYao Wu@x制剂@x技术
690    @aTQ460.6@v5
701  0 @a于广华@AYu Guang Hua@4主编
701  0 @a毛小明@AMao Xiao Ming@4主编
801  0 @aCN@b北京卓展文化@c20191020
905    @b1200914-7@dTQ460.6@e102=2@f4
    
    药物制剂技术/于广华, 毛小明主编.-第2版.-北京:化学工业出版社,2017重印
    339页:图;26cm
    使用对象:医药院校师生
    
    ISBN 978-7-122-24701-8:CNY40.00
    《药物制剂技术》(第二版)以药物制剂工作过程为导向,以典型制剂为载体组织内容,以2015年版《中华人民共和国药典》为基准进行编写,力求体现药物制剂工作岗位的知识、能力、素质要求。具体内容包括:药物制剂工作的认知、液体制剂、无菌制剂、固体制剂、其他制剂、制剂新技术与新剂型和制剂有效性评价七个模块。增设的药物制剂的处方工作和制剂有效性评价内容,不仅与药物领域的发展相适应,而且兼顾学生职业拓展和继续学习。
●
相关链接 在E读中查询图书 在五车中查询图书 在当当中查询图书 在豆瓣中查询图书


正题名:药物制剂技术     索取号:TQ460.6/102=2         预约/预借

序号 登录号 条形码 馆藏地/架位号 状态 备注
1 1200914   212009146   第二样本阅览室/ [索取号:TQ460.6/102=2] 在馆    
2 1200915   212009155   第三借阅区/ [索取号:TQ460.6/102=2] 在馆    
3 1200916   212009164   第三借阅区/ [索取号:TQ460.6/102=2] 在馆    
4 1200917   212009173   第三借阅区/ [索取号:TQ460.6/102=2] 在馆    
唐山师范学院图书馆 欢迎您!
大连网信软件有限公司© 版权所有